00785nam a2200205 a 450000100100000000500170001000800410002704000250006810000360009324500400012925000110016926000480018030000210022850000560024950400320030504900090033795201110034695201050045799900170056200003576520200930074608.0111110s2011 dr 000 0 spa d aDO-SdBNPbspacBNPHU1 aCastillo Javier, Geraldo96171310aRedacta /cGeraldo Castillo Javier. a4a ed. aSanto Domingo :bDragón Editorial,c2011. a163 p. ;c28 cm. aIncluye datos biográficos del auntor en la solapa aBibliografía : p. 162-163 aBNPD 0010718PDaPDbPDcCTd2011-11-10iLF1l0o p35765-10r2020-06-25te. 2w2020-06-25yLFPDZNo se presta 0010718PDaPDbPDcCTd2011-11-10iLF1l0o p35765-20r2020-06-25w2020-06-25yLFPDZNo se presta c35256d35256